Be Happy - Sudden Death - Statistics

General Stats
  • This quiz has been taken 120,041 times
  • The average score is 8 of 16
Answers on the Grid
Answers color-coded by a green-red scale on the quiz's grid according to % correct below.
Aggrieved
Beaming
Beefy
Buoyant
Cantankerous
Cheerful
Congenital
Content
Disconsolate
Doleful
Dolorous
Ecstatic
Effervescent
Elated
Enervated
Euphoric
Exultant
Forlorn
Glad
Gleeful
Insipid
Jittery
Jocund
Joyous
Jubilant
Jumpy
Lachrymose
Melancholic
Mirthful
Plaintive
Puffing
Timorous
Tremulous
Umbra
Upbeat
Woebegone
 
Answer Stats
Answer % Correct
Cheerful
83%
Beaming
78%
Ecstatic
61%
Joyous
60%
Glad
59%
Content
58%
Euphoric
57%
Gleeful
56%
Elated
48%
Upbeat
47%
Jubilant
46%
Buoyant
44%
Exultant
30%
Effervescent
28%
Mirthful
17%
Jocund
9%
No matching quizzes found
Score Distribution
Percent of People with Each Score
Percentile by Number Answered
Your Score History
You have not taken this quiz